000 00819 am a2200217 a 4500
005 20231211100451.0
008 100614s1999||||sp a f |||| 001 0 spa d
020 _a849225159X
041 _aspa
092 _c618.92
_l34
_sHIP
245 _aHipocrecimiento /
_cM. Francisco Rivas Crespo
250 _a1a ed.
260 _aBarcelona:
_bSociedad Española de Endocrinología Pediátrica, Sección de la Asociación Española de Pediatría;
_c1999.
300 _a204 p.
500 _aRivas Crespo, M. F. (Coord.). (1999). Hipocrecimiento. (1a ed.). Barcelona : Sociedad Española de Endocrinología Pediátrica ; Sección de la Asociación Española de Pediatría.
653 _aPediatría
653 _aHipocrecimiento
700 1 _aRivas Crespo, M. Francisco.
_eCoord.
_91228
930 _a1703
942 _2ddc
_cBK
999 _c362
_d362